Регионална библиотека "Любен Каравелов" - Русе

Деца, избирайте (Запис номер 188827)

MARC детайли
000 -Лидер
Контролно поле с фиксирана дължина 00996nam a2200289 c 4500
003 - Код на организацията, давaща контролен номер
Контролно поле BLK
005 - Дата и час на последна редакция
Контролно поле 20180421000532.0
008 - Елементи от данни с фиксирана дължина
fixed length control field 180411b bul|||||r ||||||| ||bul||
010 ## - Наследен системен номер
LC control number KNG00197846000
040 ## - Източник на каталожния запис
Идентификатор на билиотеката - собственик на записа BLK
041 ## - Код за език
Код за езика на текст/звукозапис или на отделно заглавие Български
Код за езика КДБФ Български
080 ## - УДК
Текстов определител УДК Българска литература
УДК код - определител по УДК 821.163.2
УДК определител -32
УДК - код + определител 821.163.2-32
080 ## - УДК
Текстов определител УДК Българска литература
УДК код - определител по УДК 821.163.2
УДК определител -7
УДК - код + определител 821.163.2-7
100 1# - Редна дума - Автор
Автор Цонев, Васил
Авторска отговорност първи автор
R(LIN) 249140
139 ## - Редно поле
Редна дума Цонев, Васил
Авторски знак Цонев - Ц 80
245 10 - Сведения за заглавието
Заглавие Деца, избирайте
Подзаглавни данни Разкази и фейлетони
Редно поле (дума) Васил Цонев.
257 ## - Страна на издаване
Страна на създаване/издаване България
260 ## - Област на издателските данни
-- София
Име на издателя, разпространителя и проч. Профиздат
Година на издаване 1988
Печатница Ямбол : Г. Димитров
300 ## - Физическа характеристика
Страници 176 с.
Размери/Мащаб 20 см
380 ## - Жанр
Жанр Худож. лит.
500 ## - Общи забележки
Забележка 8 050 тир.
852 ## - Местоположение
Форматна сигнатура Цб 153040
856 4# - Електронен адрес и достъп
Електронен формат pdf - файл
Път до файла /url/
856 4# - Електронен адрес и достъп
Електронен формат pdf - файл
Път до файла /url/
942 ## - АРТИКУЛИ
Вид на библиотечния материал Книги
Скрит в OPAC Не
944 ## - СЪЗДАВАНЕ И РЕДАКЦИЯ на ЗАПИСА
Създаване/Редакция Създаване
Дата на регистрацията/редакция 12.12.2016
Служител, извършил регистрацията/редакцията Валя_Йорданова
944 ## - СЪЗДАВАНЕ И РЕДАКЦИЯ на ЗАПИСА
Създаване/Редакция Редакция
Дата на регистрацията/редакция 12.12.2016
Служител, извършил регистрацията/редакцията Валя_Йорданова
999 ## - СИСТЕМНИ КОНТРОЛНИ НОМЕРА
Koha biblionumber 188827
Koha biblioitemnumber 188827
Наличности
Код за отписване Код за изгубен артикул Източник на класификационната схема Код за повреда Коз за рестрикции Код за отдаване Артикулен № Име на библиотеката - собственик Име на библиотеката, в която се намира в момента Статус (Текущо местоположение) Дата на вписване в системата Местоположение - отдел Цена в лева Инвентарен номер Систематично азбучна сигнатура Баркод Номер на екземпляра Цена в евро Служебна бележка Служебен тип на артикула
  Не е изгубен Universal Decimal Classification Не е повреден без рестрикции ползва се в читалня 331844 Регионална библиотека "Любен Каравелов" Русе Регионална библиотека "Любен Каравелов" Русе Хранилище 1988-01-01 Хранилище 0.90 496837 Цб 153040 120000496837 1 0.46 Дост: Dp Вид: Д N: Сф Дата: 01.01.1988 Книги
Изтеглен Не е изгубен Universal Decimal Classification Не е повреден без рестрикции заемане за дома 331845 Регионална библиотека "Любен Каравелов" Русе Регионална библиотека "Любен Каравелов" Русе Заемна - подръчен фонд 1988-01-01 Заемна - подръчен фонд 0.90 502067 П 886.7-32/Ц 80 502067 2 0.46 N: Сф Дата: 01.01.1988 Дата инв: 09.02.2018 Бележки инв: П2018 Книги
Изтеглен Не е изгубен Universal Decimal Classification Не е повреден без рестрикции заемане за дома 331846 Регионална библиотека "Любен Каравелов" Русе Регионална библиотека "Любен Каравелов" Русе Заемна - подръчен фонд 1988-01-01 Заемна - подръчен фонд 0.90 502068 П 886.7-32/Ц 80 120000502068 3 0.46 N: Сф Дата: 01.01.1988 Дата инв: 09.02.2018 Бележки инв: П2018 Книги
Изтеглен Не е изгубен Universal Decimal Classification Не е повреден без рестрикции заемане за дома 331847 Регионална библиотека "Любен Каравелов" Русе Регионална библиотека "Любен Каравелов" Русе Заемна - подръчен фонд 1988-01-01 Заемна - подръчен фонд 0.90 502069 П 886.7-32/Ц 80 502069 4 0.46 N: Сф Дата: 01.01.1988 Дата инв: 09.02.2018 Бележки инв: П2018 Книги
Vip Innovations Ltd, Rousse, Bulgaria 2025